000 00294nam a2200121Ia 4500
008 190216s9999||||xx |||||||||||||| ||und||
100 _aPindani N B Pillai
245 0 _aKaliman Prathimakal
260 _bPoorna Pubs Kozhikode
_c1994
300 _a38p
650 _aMalayalam Novel
942 _cBK
999 _c27231
_d27231